000 00477nam a2200169Ia 4500
003 GCL
008 140319s9999 xx 000 0 ara d
040 _aGCL /
_cGCL
082 0 4 _a813.01
_bص ع
100 1 _aصالح ابواصبع
245 1 0 _aعراه على ضفة النهر (قصص قصيرة) /
_cصالح ابواصبع
490 _aقصص فلسفية
_v0
650 0 4 _aالادب العربى
650 0 4 _aالادب
650 0 4 _aالقصة
942 _2ddc
_cBK
999 _c42976
_d42976